000 00423 a2200097 4500
082 _a363.125 HAR
100 _aHarwood, Douglas W.
245 _aNCHRP Web only Document 129: Phases I and II Methodology to Predict the Safety Performance of Urban and Suburban Arterials /
_cDouglas W. Harwood...[et al]
260 _aUS :
_bNational Cooperative Highway Research Program,
_c2007
300 _avii, 186+p. ;
_bill. ;
_c30 cm
650 _aUrban and Suburban Safety
999 _c2209
_d2209